Disney A-Z - Statistics

General Stats
  • This quiz has been taken 3,114 times
  • The average score is 19 of 23
Answer Stats
Letter Hint Answer % Correct
A Guy from the streets who hooks up with Jasmine Aladdin
99%
C Woman who plans on making a fur coat out of puppies Cruella de Vil
95%
E The cold never bothered her anyway Elsa
95%
O Snowman who yearns for summer Olaf
92%
T Man raised by gorilla's Tarzan
90%
W Yellow Bear who just wants some honey Winnie the Pooh
90%
U Sea Witch who gives Ariel legs Ursula
89%
G Beauty and the Beast's antagonist, interested in Belle Gaston
87%
H Ruler of the underworld from Hercules Hades
86%
M Lion who gets trampled by wildebeest Mufasa
86%
N Simba's girl best bud Nala
86%
B Bear who is Mowgli's friend and advice-giver. Baloo
85%
P Native-American girl who likes John Smith Pocahontas
85%
S Loyal crab who lives under the sea Sebastian
84%
D Snow White's bald and beardless dwarf-friend Dopey
81%
L Living Candlestick from Beauty and the Beast Lumiere
74%
Q The Bell-Ringer from Notre Dame Quasimodo
73%
F Guy whose real name is Eugene Fitzherbert Flynn Rider
71%
J Pinocchio's conscience Jiminy Cricket
71%
K The Emperor who gets turned into a llama Kuzco
67%
Z Mufasa's loyal bird servant Zazu
63%
R Mandrill from the Lion King who is a little bit crazy Rafiki
61%
Y Villain dressed in purple who turns Kuzco into a llama Yzma
55%
No matching quizzes found
Score Distribution
Percent of People with Each Score
Percentile by Number Answered
Your Score History
You have not taken this quiz